[Event "IECG CP.2002.P.00030 email"]
[Site "IECG email"]
[Date "2002.10.01"]
[Round "?"]
[White "Ivarsson, David"]
[Black "Heys, William Scott"]
[Result "0-1"]
[WhiteElo "800"]
[BlackElo "1529"]
[PlyCount "130"]
[EventDate "2002.10.01"]
[EventType "tourn (corr)"]
[EventRounds "6"]
[EventCountry "GER"]
[SourceTitle "Corr 2008"]
[Source "ChessBase"]
[SourceDate "2008.06.24"]
[SourceVersion "1"]
[SourceVersionDate "2008.06.24"]
[SourceQuality "1"]

1. e4 e6 2. d4 d5 3. e5 c5 4. Nf3 cxd4 5. Nxd4 Ne7 6. f4 Nbc6 7. g4 Nxd4 8. Qxd4 Nc6 9. Qf2 Be7 10. h4 Qa5+ 11. Bd2 Nb4 12. Na3 Bd7 13. c3 Na6 14. Nc2 Nc5 15. c4 Qc7 16. 0-0-0 Ne4 17. Qg2 Nxd2 18. Qxd2 dxc4 19. Bxc4 Rd8 20. Qe2 0-0 21. h5 Bc6 22. Rh3 Rxd1+ 23. Kxd1 Rd8+ 24. Kc1 Qb6 25. Qe1 Bg2 26. Rc3 Bd5 27. Bxd5 Rxd5 28. Rc8+ Bd8 29. b3 Rc5 30. Ra8 Qc7 31. Qe4 a6 32. Kb2 Qd7 33. Qxb7 Qd3 34. Qg2 h6 35. Qf2 Qc3+ 36. Kb1 Rd5 37. Qe2 a5 38. Rb8 Kh7 39. Qe4+ g6 40. hxg6+ Kg7 41. Qh1 Rd2 42. Qc1 Kxg6 43. f5+ Kg7 44. f6+ Kg6 45. Rc8 Qd3 46. Kb2 Qe2 47. Ka3 Kh7 48. Qe1 Qg2 49. Qe3 Rd7 50. Rc4 Qd2 51. Qc5 Rc7 52. Qf8 Qc1+ 53. Ka4 Rxc4+ 54. bxc4 Qxc2+ 55. Kb5 Qb2+ 56. Kc6 Bxf6 57. Qxf7+ Bg7 58. g5 Qg2+ 59. Kd6 Qxg5 60. Qxe6 Bf8+ 61. Kd7 h5 62. Qf7+ Qg7 63. e6 Qxf7+ 64. exf7 h4 65. Ke8 Kg7 0-1

[Event "IECG CP.2002.P.00030 email"]
[Site "IECG email"]
[Date "2002.10.01"]
[Round "?"]
[White "Ivarsson, David"]
[Black "Naused, Hermann"]
[Result "0-1"]
[WhiteElo "800"]
[BlackElo "1954"]
[PlyCount "78"]
[EventDate "2002.10.01"]
[EventType "tourn (corr)"]
[EventRounds "6"]
[EventCountry "GER"]
[SourceTitle "Corr 2008"]
[Source "ChessBase"]
[SourceDate "2008.06.24"]
[SourceVersion "1"]
[SourceVersionDate "2008.06.24"]
[SourceQuality "1"]

1. e4 e6 2. d4 d5 3. e5 c5 4. Nf3 cxd4 5. Qxd4 Nc6 6. Qf4 Qc7 7. c3 Nge7 8. Bd3 Ng6 9. Bxg6 hxg6 10. 0-0 b6 11. Re1 Be7 12. Nbd2 Rh5 13. b4 Bb7 14. a4 Rc8 15. Nf1 Nxe5 16. Nxe5 Bd6 17. Qxf7+ Qxf7 18. Nxf7 Kxf7 19. Bd2 a6 20. f4 Rc4 21. g3 d4 22. cxd4 Bxb4 23. Rac1 Rxc1 24. Rxc1 Bd6 25. Ra1 b5 26. g4 Rd5 27. axb5 Rxb5 28. Kf2 Rb3 29. Ke2 Rh3 30. Ra5 Rh4 31. f5 exf5 32. gxf5 Rxd4 33. fxg6+ Kxg6 34. Rg5+ Kf7 35. Rf5+ Ke6 36. Rh5 Bc6 37. Ke3 Rg4 38. Bc3 g6 39. Rh6 Bf4+ 0-1